| 000 | 00498nam a2200169Ia 4500 | ||
|---|---|---|---|
| 003 | LK-CoDNM | ||
| 005 | 20240920123721.0 | ||
| 008 | 010623t xxu||||| |||| 00| 1 eng d | ||
| 040 |
_aLK-CoDNM _dLK-CoDNM _eLK-CoDNM |
||
| 041 | _aeng | ||
| 080 |
_a14 _bL31 |
||
| 100 | _aSenaveratna,John.M. | ||
| 245 | _aThe Story of the Sinhalese From the most ancient times(Dutugemunu to Mahasena) | ||
| 260 |
_bTimes of Ceylon _aColombo,London _c1951 |
||
| 300 | _bxiii, 166p. : ill , map ; 21 cm | ||
| 942 | _cBK | ||
| 999 |
_c136577 _d136577 |
||